| 000 | 01123cam a2200277 a 4500 | ||
|---|---|---|---|
| 999 |
_c3352 _d3352 |
||
| 001 | 14375422 | ||
| 005 | 20170529105824.0 | ||
| 008 | 060512s2006 sa ab b 001 0beng | ||
| 010 | _a 2006406067 | ||
| 020 | _a1869140478 | ||
| 040 |
_aDLC _cDLC _dDLC |
||
| 043 | _af-sa--- | ||
| 050 | 0 | 0 |
_aDT1768.Z95 _bS89 2006 |
| 100 | 1 |
_aWylie, Dan. _931312 |
|
| 245 | 1 | 0 |
_aMyth of iron : _bShaka in history / _cDan Wylie. |
| 260 |
_aScottsville, South Africa : _bUniversity of KwaZulu-Natal Press, _c2006. |
||
| 300 |
_axviii, 615 p. : _bill., maps ; _c25 cm. |
||
| 504 | _aIncludes bibliographical references (p. 587-595) and index. | ||
| 600 | 0 | 0 |
_aShaka, _cKing of the Zulu, _d1787?-1828. _922154 |
| 650 | 0 |
_aZulu (African people) _xKings and rulers _vBiography. _931311 |
|
| 650 | 0 |
_aZulu (African people) _xHistory. _931313 |
|
| 651 | 0 |
_aKwaZulu-Natal (South Africa) _xHistory _yTo 1843. _931314 |
|
| 906 |
_a7 _bcbc _corignew _d3 _encip _f20 _gy-gencatlg |
||
| 942 |
_2lcc _cMONOGRAPH |
||